1388 1507 1990 1418 1853 1190 1716 1090 1748 1328 1636 1982 1034 1303 1060 1724 1900 1024 1832 1354 1397 1100 1421 1074 1101 1696 1194 1781 1885 1308 1004 1393 1262 1795 1861 1779 1694 1370 1069 1282 1848 1908 1655 1271 1773 1484 1611 1683 1294 1968 1626 1412 1625 1434 1227 1865 1694 1117 1461 1889 1969 1011 1249 1452 1171 1699 1165 1117 1893 1484 1267 1195 1120 1310 1702 1816 1571 1249 1520 1365 1120 1489 1174 1075 1157 1186 1907 1385 1694 1609 1895 1065 1250 1287 1015 1462 1715 1421 1558 BCNSPRNW ULIB Ver.6.0+V

เปลี่ยนเป็นภาษาไทย

Change to English
 แสดงรายละเอียดบรรณานุกรม
  กลับหน้าหลัก

Brief Record : Get Marc (ISO 2709) : E-mail record : QR code < ปิดหน้าต่าง
LEADER : 00000nam 2200000uu 4500
001    13399122114
003     ULIB
008    121227s2554||||th 000 0 tha d
020    ^a 9786162131110
050    ^aPL4167^bฐ361ร
100    ^a ฐิติรัตน์ เกิดหาญ
245    ^a ร้อยแปด (108) คำควบกล้ำ
250    ^aพิมพ์ครั้งที่ 1
260    ^aสกายบุ๊กส์ :^bปทุมธานี,^c2554
300    ^a264 หน้า;^b21 ซม.
650    ^aคำควบกล้ำ^xภาษาไทย
945    ^p115^l0^i033355
999    ^aใช้งานได้ทุกระบบ
รายการนี้ยังไม่มีแท็ก
คุณยังไม่ได้ล็อกอิน คุณสามารถมีกิจกรรมร่วมกับเว็บไซต์ได้ แต่ต้องล็อกอินก่อน ::
  ล็อกอิน

รายการสื่อสารสนเทศ

ลำดับที่ ประเภท เลขเรียก/บาร์โค้ด สถานที่ สถานะ
1. การศึกษาทั่วไป
หนังสือสำรอง
สถานะ=หนังสือสำรอง
PL4167 ฐ361ร ฉ.1 
  Barcode: 033355
ห้องสมุดวิทยาเขตสวรรค์ประชารักษ์
►หนังสือทั่วไป
บนชั้น

รายการใกล้เคียง
    ชื่อเรื่อง [ร้อยแปด (108) คำควบกล้ำ]

    ผู้แต่ง [ฐิติรัตน์ เกิดหาญ]

BibComment


ยังไม่เคยถูกคอมเมนท์

คอมเมนท์ทรัพยากรรายการนี้
  คอมเมนท์: ร้อยแปด 108 คำค..


 Copyright 2026. Bcnsprnw @Library